00525nam a2200181Ia 4500008004100000020001500041040001800056041000800074100003000082245005200112250001200164260005300176300001800229490001900247650002600266650002900292650002200321130821s2005 ck gr spa  a9580487510 aCo-BoUCMbspa00aspa1 aMoreno, Marveld1939-199510aEn diciembre llegaban las brisascMarvel Moreno a2a. Ed. aBogotá (Colombia)bGrupo Editorial Normac2005 a429 páginas aLa Otra Orilla04aLiteratura colombiana04aMujeres en la literatura04aNovela colombiana